000 00535nam a2200181Ia 4500
008 100921s9999 xx 000 0 und d
082 _b8384
_a820 थ 54
100 _aHertziler Joyce.
245 _aSocietyIn Action.
260 _bड्रायडन प्रेस,न्यूयॉर्क.
_c1954
300 _a452
_b---
365 _b0
520 _aललित इंग्रजी.
630 _aSocietyIn Action.
650 _aललित इंग्रजी.
730 _aSocietyIn Action.
942 _cBOOK
999 _c757497
_d757494